000 01204 a2200217 4500
001 22366
005 20260407155514.0
008 260407a1987 arg spa d
003 AR-UNSa-BCEJYS
040 _aAR-UNSa-BCEJYS
_bspa
_cAR-UNSa-BCEJYS
080 _a342.1
_xEstado. Pueblo. Nación. Poder del estado (Derecho político)
245 1 0 _aIntroducción a los estudios políticos
020 _a978-950-14-0087-8
250 _a2a. ed.
264 1 _aBuenos Aires :
_bEdiciones Depalma
_c1987
300 _a2 v.
_c23 cm.
505 _aVol. I: Teoría política: 1. Realidad política - 2. Conocimiento político - 3. Metodología del conocimiento político - 4. Los temas de la filosofía política - 5. Elementos sociales de la realidad política - 6. El estado, concepto, historia y elementos -- Vol. II: Formas y fuerzas políticas: 7. Poder y derecho - 8. Estado de derecho y situaciones anómalas - 9. Formas de gobierno y regímenes políticos - 10. Formas de estado - 11. Actividad estatal - 12. Factores de la actividad política - 13. Representación y participación - 14. Las fuerzas políticas
942 _cBK
590 _aniveau_biblio:m niveau_hierar:0
100 1 _aLópez, Mario Justo
999 _c984
_d984